000 00447cam a2200181ua 4500
020 _c4.00
041 _ahin
_h
082 _a891.43
_bGAN/AR
100 _aGandhiji , .
245 _aArthik our audhyogik jeevan /
_cGandhiji.
_hTextual Documents
250 _a1 /
_b.
260 _aAhamadabad :
_bNavjeevan prakashan mandir ,
_c1961.
300 _a200 ; .
365 _a4.00
504 _a
942 _cBK
999 _c12246
_d12246